| 000 | 00461nam a22001577a 4500 | ||
|---|---|---|---|
| 999 |
_c527277 _d527277 |
||
| 020 | _a- | ||
| 082 |
_a624.1821 _bCHA |
||
| 100 | _aChandak, N.R. | ||
| 245 | _aDesign of steel structures | ||
| 260 |
_aNew Delhi: _bS.K. Kataria & Sons; _c2015. |
||
| 300 | _a455p. | ||
| 942 |
_2ddc _cBK |
||
| 504 | _aincludes bibliography | ||
| 650 |
_aBuilding, Iron and steel. Structural analysis (Engineering) _918420 |
||